Mecánica de fluidos

Guardat en:
Dades bibliogràfiques
Autors principals: Potter, Merle C (Autor), Wiggert, David C (Autor), Hondzo, Midhat (Autor)
Format: Llibre
Idioma:espanyol
Publicat: Ciudad de México Prentice Hall 1998
Matèries:
Etiquetes: Afegir etiqueta
Sense etiquetes, Sigues el primer a etiquetar aquest registre!

MARC

LEADER 00000nam a2200000 a 4500
001 UCO4457
003 CL-VaPUC
008 000804e19980000MX |||||||||||||||||spa|d
020 |a 9701701968 
082 0 4 |a 532  |b POT  |2 21 
100 0 |a Potter, Merle C  |e author  |9 448987 
700 0 |a Wiggert, David C  |e author  |9 448988 
700 0 |a Hondzo, Midhat  |e author  |9 448989 
245 1 0 |a Mecánica de fluidos 
300 |a 752 p 
942 |c BK 
945 |d 20000804 00:00:00  |a vberengu 
260 |a Ciudad de México  |b Prentice Hall  |c 1998 
650 0 |a Estática de fluidos   |9 375305 
650 0 |a Hidráulica   |9 260193 
650 0 |a Mecánica de fluidos   |9 259464 
650 0 |a Propiedades de los fluidos   |9 426534 
650 7 |a TURBOMAQUINARIA  |2 CL-VaPUC  |9 336932 
583 |a last modification  |c 20150713 14:26:07  |k Rodrigo Vera 
999 |c 290498  |d 290496 
952 |0 0  |1 0  |2 ddc  |4 0  |6 532_000000000000000_POT_1998  |7 0  |8 A  |9 339971  |a BIBMEC  |b BIBMEC  |d 2019-11-20  |i 3639703  |o 532 POT 1998  |p 3639703  |r 2024-01-19  |w 2019-11-20  |y BK_P  |k MEC 
952 |0 0  |1 0  |2 ddc  |4 0  |6 532_000000000000000_POT_1998  |7 0  |8 A  |9 339972  |a BIBMEC  |b BIBMEC  |d 2019-11-20  |i 3639711  |o 532 POT 1998  |p 3639711  |r 2024-01-19  |w 2019-11-20  |y BK_P  |k MEC 
952 |0 0  |1 0  |2 ddc  |4 0  |6 532_000000000000000_POT_1998  |7 0  |8 A  |9 339973  |a BIBMEC  |b BIBMEC  |d 2019-11-20  |i 3654044  |o 532 POT 1998  |p 3654044  |r 2024-01-19  |w 2019-11-20  |y BK_P  |k MEC 
952 |0 0  |1 0  |2 ddc  |4 0  |6 532_000000000000000_POT_1998  |7 0  |8 A  |9 339974  |a BIBMEC  |b BIBMEC  |d 2019-11-20  |i 3654052  |o 532 POT 1998  |p 3654052  |r 2024-01-19  |w 2019-11-20  |y BK_P  |k MEC 
952 |0 0  |1 0  |2 ddc  |4 0  |6 532_000000000000000_POT_1998  |7 0  |8 A  |9 339975  |a BIBMEC  |b BIBMEC  |d 2019-11-20  |i 3654060  |o 532 POT 1998  |p 3654060  |r 2024-01-19  |w 2019-11-20  |y BK_P  |k MEC 
952 |0 0  |1 0  |2 ddc  |4 0  |6 532_000000000000000_POT_1998  |7 0  |8 A  |9 339976  |a BIBMEC  |b BIBMEC  |d 2019-11-20  |i 3656101  |o 532 POT 1998  |p 3656101  |r 2024-01-19  |w 2019-11-20  |y BK_P  |k MEC 
952 |0 0  |1 0  |4 0  |6 532_000000000000000_POT_1998  |7 0  |8 A  |9 339977  |a BIBING  |b BIBING  |d 2019-11-20  |i 3773582  |o 532 POT 1998  |p 3773582  |r 2025-01-20  |w 2019-11-20  |y BK  |k TRA